000 00681cam a2200229Ia 4500
020 _a0072557338
040 _cSINIE
082 _a530 MCG 2004 A081 Or.
100 1 _aPowers, Scott K.
245 1 0 _aReady notes to accompany Exercise physiology :
_btheory and application to fitness /
246 3 0 _aExercise physiology :
_btheory and application to fitness
250 _a5th ed
260 _aBoston, Mass. :
_bMcGraw-Hill,
_c2004
300 _a1 v. (various pagings) :
_bill. ;
_c28 cm
650 0 _aExercise
650 0 _aPhysical fitness
650 2 _aExercise
650 2 _aPhysical Fitness
700 1 _aHowley, Edward T.,
700 1 _aKoesterer, T. K
942 _cEK
999 _c15791
_d15791